40福岡県の市区町村 - Statistics

General Stats
  • This quiz has been taken 206 times
    201 since last reset
  • The average score is 44 of 72
Answer Stats
Answer % Correct
福岡市博多区
96%
福岡市中央区
93%
福岡市南区
93%
北九州市小倉北区
92%
北九州市小倉南区
92%
福岡市東区
92%
福岡市西区
92%
久留米市
92%
大牟田市
90%
北九州市門司区
88%
福岡市早良区
87%
北九州市八幡西区
85%
北九州市八幡東区
84%
飯塚市
82%
北九州市戸畑区
79%
太宰府市
79%
北九州市若松区
78%
春日市
78%
宗像市
78%
福岡市城南区
77%
大野城市
77%
糸島市
77%
福津市
73%
筑紫野市
72%
直方市
71%
八女市
70%
田川市
69%
柳川市
69%
古賀市
69%
朝倉市
67%
筑後市
66%
行橋市
66%
大川市
64%
中間市
62%
うきは市
62%
那珂川市
62%
小郡市
60%
糟屋郡志免町
59%
糟屋郡新宮町
58%
宮若市
57%
嘉麻市
56%
糟屋郡宇美町
56%
豊前市
55%
みやま市
55%
糟屋郡粕屋町
54%
糟屋郡久山町
53%
糟屋郡篠栗町
50%
糟屋郡須恵町
50%
遠賀郡水巻町
48%
遠賀郡遠賀町
48%
京都郡みやこ町
47%
京都郡苅田町
46%
遠賀郡芦屋町
43%
遠賀郡岡垣町
41%
鞍手郡鞍手町
38%
朝倉郡東峰村
38%
田川郡添田町
38%
田川郡川崎町
38%
田川郡赤村
38%
田川郡香春町
37%
田川郡大任町
37%
朝倉郡筑前町
36%
田川郡糸田町
36%
八女郡広川町
34%
田川郡福智町
34%
築上郡築上町
33%
三潴郡大木町
32%
築上郡吉富町
31%
築上郡上毛町
31%
鞍手郡小竹町
28%
嘉穂郡桂川町
26%
三井郡大刀洗町
26%
No matching quizzes found
Score Distribution
Percent of People with Each Score
Percentile by Number Answered
Your Score History
You have not taken this quiz since the last reset